Aparatos geodésicos

Uloženo v:
Podrobná bibliografie
Médium: Kniha
Jazyk:Spanish
Tagy: Přidat tag
Žádné tagy, Buďte první, kdo vytvoří štítek k tomuto záznamu!

MARC

LEADER 00000nam a2200000Ia 4500
003 001773
005 20221231144011.0
008 140114s a 000 ||spa d
040 |c cru CEDI 
082 |a 526.1 A639a 
245 |a Aparatos geodésicos 
300 |a 107 páginas ; ilustraciones 
942 |2 ddc  |c BK 
999 |c 15423  |d 15423